000 00305nam a22001337a 4500
008 170912b xxu||||| |||| 00| 0 eng d
020 _a0471874744
041 _aeng
080 _26TH
_a53
100 _a43
101 _aFIZ
245 _aINTRODUCTION TO SOLID STATE PHYSICS
_cKITTEL,CH
942 _2udc
_cBK
999 _c27275
_d27275